000 00408nam a2200133Ia 4500
008 260210s9999 xx 000 0 und d
024 _a10B-23-BS & 10B-43-BS
082 _a005.072 SAM
100 _aSamia Aijaz Baloch & Aamna Khan
245 0 _aAuto Event and Budget Control System
260 _aKarachi:
_bUITU,
_c2010
600 _aComputer Science
650 _aBachelor of Computer Science (BS)
999 _c32406
_d32406